|
|
|
|
| LEADER |
00639cam a2200205 7i4500 |
| 001 |
0000032512 |
| 005 |
20150907090000.0 |
| 020 |
0 |
0 |
|a 9780814434758
|
| 090 |
0 |
0 |
|a B 658.848
|b BAD
|
| 100 |
1 |
0 |
|a Bade, Donna L.
|
| 245 |
1 |
0 |
|a Export/import procedures and documentation.
|
| 250 |
0 |
0 |
|a 5th ed..
|
| 260 |
0 |
0 |
|a New York:
|b AMACOM,
|c 2015.
|
| 300 |
# |
# |
|a 606 pages.
|
| 650 |
0 |
0 |
|a International trade
|
| 650 |
0 |
0 |
|a Foreign trade regulation
|
| 650 |
0 |
0 |
|a Export marketing --
|z United States
|
| 650 |
0 |
0 |
|a Exports --
|x Forms --
|z United States
|
| 650 |
0 |
0 |
|a Imports --
|x Forms --
|z United States
|
| 999 |
|
|
|a B000036672
|b Book
|c Book
|e Business Information Centre
|